| 000 | 00842cab a2200229 4500 | ||
|---|---|---|---|
| 001 | X77075 | ||
| 008 | 090401t1997 xxu||||| |||| 00| 0 eng d | ||
| 035 | _a(Sirsi) u77075 | ||
| 041 | _aeng | ||
| 245 | _aCostain Civil Engineering Ltd and Tarmac Construction Ltd v Zanen Dredging and Contracting Company Ltd | ||
| 260 | _c1997 | ||
| 350 | _a0 | ||
| 490 |
_aConstruction Industry Law Letter _v1997 CILL 1220-1222(3) |
||
| 520 | _aORB 8 December 1996. Quantum Meruit for sub-contract `variations`, relevance of profits made by recipident of services, account fo be taken of bargining position. | ||
| 650 | _aCOSTAIN CIVIL ENGINEERING LTD AND TARMAC CONSTRUCTION LTD | ||
| 650 | _aPROFITS | ||
| 650 | _aQUANTUM MERUIT | ||
| 650 | _aRESTITUTION | ||
| 690 | _aBUILDING AND CONSTRUCTION-CASE LAW | ||
| 942 | _n0 | ||
| 948 | _c13/03/1997 | ||
| 999 |
_c48441 _d48441 |
||